书目信息 |
| 题名: |
电话机电路图集
|
|
| 作者: | ;沈阳市内电话局三分局编写小组 编 | |
| 分册: | ||
| 出版信息: | 北京 人民邮电出版社 1975 |
|
| 页数: | 172页 | |
| 开本: | 14cm | |
| 丛书名: | ||
| 单 册: | ||
| 中图分类: | TN916.3 | |
| 科图分类: | ||
| 主题词: | 电话机-电路--图集 , 电路-电话机--图集 | |
| 电子资源: | ||
| ISBN: | ||
| 000 | 00693nam0 2200229 45 | |
| 001 | 0175002533 | |
| 005 | 20060720081241.81 | |
| 010 | @dCNY0.30 | |
| 100 | @a19951013d1975 em y0chiy0121 ea | |
| 101 | 0 | @achi |
| 102 | @aCN@b110000 | |
| 105 | @aa z 000yy | |
| 200 | 10 | @a电话机电路图集@Adian hua ji dian lu tu ji@f沈阳市内电话局三分局编写小组编 |
| 210 | @a北京@c人民邮电出版社@d1975 | |
| 215 | @a172页@d14cm | |
| 606 | @a电话机-电路@x图集 | |
| 606 | @a电路-电话机@x图集 | |
| 690 | @aTN916.3@v3 | |
| 711 | 02 | @a沈阳市内电话局三分局编写小组@Ashen yang shi nei dian hua ju san fen ju bian xie xiao zu@4编 |
| 801 | 2 | @aCN@bNLC@c20060720 |
| 801 | 0 | @aCN@bTSSF |
| 905 | @a10447@dTN916.3@e56 | |
| 电话机电路图集/沈阳市内电话局三分局编写小组编.-北京:人民邮电出版社,1975 |
| 172页;14cm |
| ISBN :CNY0.30 |
| ● |
| 相关链接 |
|
|
|
|
正题名:电话机电路图集
索取号:TN916.3/56
 
预约/预借
| 序号 | 登录号 | 条形码 | 馆藏地/架位号 | 状态 | 备注 |
| 1 | 0437742 | 204377423 | 密集书库/ [索取号:TN916.3/56] | 在馆 | |
| 2 | 0437743 | 204377432 | 密集书库/ [索取号:TN916.3/56] | 在馆 |